[Event "HUN-chT2 Breyer 1718"]
[Site "Hungary"]
[Date "2018.05.06"]
[Round "11.4"]
[White "Horvath, Csaba3333"]
[Black "Ikanov, Imre"]
[Result "0-1"]
[WhiteElo "2222"]
[BlackElo "2006"]
[PlyCount "128"]
[EventDate "2017.09.24"]
[EventType "team-tourn"]
[EventRounds "11"]
[EventCountry "HUN"]
[SourceTitle "EXT 2021"]
[Source "ChessBase"]
[SourceDate "2020.10.23"]
[SourceVersion "1"]
[SourceVersionDate "2020.10.23"]
[SourceQuality "1"]
[WhiteTeam "Naszaly Geniusz Tata"]
[BlackTeam "Nyergesujfalu"]
[WhiteTeamCountry "HUN"]
[BlackTeamCountry "HUN"]

1. e4 c5 2. Nf3 Nf6 3. e5 Nd5 4. c4 Nc7 5. d4 cxd4 6. Qxd4 Nc6 7. Qe4 e6 8. Nc3 d5 9. Qg4 f5 10. exf6 Qxf6 11. Bg5 Ne5 12. Nxe5 Qxe5+ 13. Be2 Bb4 14. 0-0 Bxc3 15. bxc3 0-0 16. Be7 Rf7 17. Bc5 Qxc3 18. Bd4 Qc2 19. Be5 Ne8 20. Rac1 Qxa2 21. Bd3 Nf6 22. Qd4 Qa4 23. Ra1 Qc6 24. c5 Nd7 25. Bd6 b6 26. Qh4 Nf6 27. Rfc1 h6 28. Bg6 Rb7 29. Be5 bxc5 30. Bxf6 gxf6 31. Qxf6 Qc7 32. Ra3 Qe7 33. Qf4 Qg5 34. Qxg5 hxg5 35. Rxc5 Kg7 36. Bd3 Bd7 37. f3 Be8 38. Ra6 Bf7 39. Kf2 Rb6 40. Ra4 Bg6 41. Bb5 Kf6 42. h4 gxh4 43. Rxh4 Ke5 44. Be2 Kd6 45. Ra5 Bf7 46. g4 Rb7 47. f4 Bg6 48. Rh6 Be4 49. f5 Re8 50. Ra6+ Ke5 51. Rhxe6+ Rxe6 52. Rxe6+ Kf4 53. Rd6 Ke5 54. Rd8 Rb2 55. Ke1 Kf4 56. f6 Ke3 57. f7 Rxe2+ 58. Kd1 Rb2 59. Rc8 Rb1+ 60. Rc1 Rb8 61. Rc6 d4 62. Rc5 d3 63. g5 Rb1+ 64. Rc1 Bf3+ 0-1

[Event "HUN-chT2 Breyer 1617"]
[Site "Hungary"]
[Date "2017.02.26"]
[Round "7.5"]
[White "Ikanov, Imre"]
[Black "Kovacsy, Barnabas"]
[Result "1/2-1/2"]
[WhiteElo "2028"]
[BlackElo "1991"]
[PlyCount "82"]
[EventDate "2016.10.30"]
[EventType "team-tourn"]
[EventRounds "9"]
[EventCountry "HUN"]
[SourceTitle "EXT 2021"]
[Source "ChessBase"]
[SourceDate "2020.10.23"]
[SourceVersion "1"]
[SourceVersionDate "2020.10.23"]
[SourceQuality "1"]
[WhiteTeam "Nyergesujfalu"]
[BlackTeam "Budapest MTK II"]
[WhiteTeamCountry "HUN"]
[BlackTeamCountry "HUN"]

1. e4 c5 2. Nc3 e6 3. g3 Nc6 4. Bg2 g6 5. d3 Bg7 6. Be3 d6 7. Qd2 Nd4 8. Nge2 Ne7 9. 0-0 0-0 10. Bh6 Bxh6 11. Qxh6 Nxc2 12. Rac1 Nd4 13. Nxd4 cxd4 14. Ne2 Nc6 15. Nf4 Ne5 16. Nh3 Qf6 17. Qd2 Bd7 18. f4 Nc6 19. Ng5 Rac8 20. Rce1 Qg7 21. e5 d5 22. Nf3 Rfd8 23. a3 Qf8 24. Rc1 a6 25. Qf2 Na7 26. Nxd4 Nb5 27. Nxb5 Bxb5 28. Qd2 Rd7 29. Rxc8 Qxc8 30. Rc1 Rc7 31. Rxc7 Qxc7 32. Bf1 Qb6+ 33. Qf2 Qc7 34. Qd4 Qc2 35. Qc3 Qd1 36. Kf2 Kg7 37. h4 h5 38. b3 d4 39. Qxd4 Qxb3 40. Qd6 Qb2+ 41. Be2 Qc1 1/2-1/2

[Event "HUN-chT2 Breyer 1516"]
[Site "Hungary"]
[Date "2016.02.28"]
[Round "8.5"]
[White "Szegi, Tamas"]
[Black "Ikanov, Imre"]
[Result "1-0"]
[WhiteElo "2138"]
[BlackElo "2019"]
[PlyCount "57"]
[EventDate "2015.09.13"]
[EventType "team-tourn"]
[EventRounds "11"]
[EventCountry "HUN"]
[SourceTitle "EXT 2017"]
[Source "ChessBase"]
[SourceDate "2016.10.25"]
[SourceVersion "1"]
[SourceVersionDate "2016.10.25"]
[SourceQuality "1"]
[WhiteTeam "Kisber Aszar"]
[BlackTeam "Nyergesujfalu"]
[WhiteTeamCountry "HUN"]
[BlackTeamCountry "HUN"]

1. e4 c5 2. c3 e6 3. d4 d5 4. e5 Nc6 5. Nf3 a6 6. Bd3 Bd7 7. 0-0 Qb6 8. dxc5 Bxc5 9. b4 Be7 10. Be3 Qc7 11. Bf4 Rc8 12. a4 a5 13. b5 Nd8 14. Nd4 Bc5 15. Qg4 g6 16. Nb3 Be7 17. Ra2 b6 18. Rc2 Nb7 19. c4 Nc5 20. cxd5 exd5 21. Qf3 Be6 22. Nd4 Qd7 23. Rfc1 h5 24. Nc3 Nxd3 25. Qxd3 Ba3 26. Rd1 Ne7 27. Nxe6 fxe6 28. Ne4 0-0 29. Nf6+ 1-0

[Event "HUN-chT2 Breyer 1516"]
[Site "Hungary"]
[Date "2015.12.06"]
[Round "6.5"]
[White "Horvath, Csaba3333"]
[Black "Ikanov, Imre"]
[Result "1-0"]
[WhiteElo "2196"]
[BlackElo "2028"]
[PlyCount "85"]
[EventDate "2015.09.13"]
[EventType "team-tourn"]
[EventRounds "11"]
[EventCountry "HUN"]
[SourceTitle "CBM 170 Extra"]
[Source "ChessBase"]
[SourceDate "2016.02.25"]
[SourceVersion "1"]
[SourceVersionDate "2016.02.25"]
[SourceQuality "1"]
[WhiteTeam "Sarkany DSE"]
[BlackTeam "Nyergesujfalu"]
[WhiteTeamCountry "HUN"]
[BlackTeamCountry "HUN"]

1. e4 c5 2. Nf3 Nf6 3. e5 Nd5 4. c4 Nc7 5. d4 cxd4 6. Qxd4 Nc6 7. Qe4 e6 8. Nc3 f5 9. exf6 Qxf6 10. Bd3 Na6 11. Bg5 Qf7 12. 0-0 Nc5 13. Nb5 d6 14. Qe3 a6 15. Nc3 Nxd3 16. Qxd3 h6 17. Bh4 Qf5 18. Qe2 g5 19. Bg3 e5 20. Nd5 Qf7 21. Nb6 Rb8 22. Rad1 Be6 23. Rfe1 h5 24. h4 g4 25. Ng5 Qg6 26. Nxe6 Qxe6 27. Nd5 Qf5 28. Ne3 Qf6 29. Qd3 Kf7 30. Nf5 Rd8 31. Qe4 Qe6 32. f3 gxf3 33. Qxf3 Kg6 34. Ne3 Be7 35. Qe4+ Kg7 36. Rf1 Qg6 37. Nf5+ Kh7 38. Qd5 Rhf8 39. Nxe7 Qxg3 40. Qe4+ Kh6 41. Nf5+ Rxf5 42. Rxf5 Nd4 43. Rg5 1-0

[Event "HUN-chT2 Breyer 1516"]
[Site "Hungary"]
[Date "2015.09.13"]
[Round "1.4"]
[White "Ikanov, Imre"]
[Black "Igler, Szilard"]
[Result "1/2-1/2"]
[WhiteElo "2019"]
[BlackElo "1923"]
[PlyCount "49"]
[EventDate "2015.09.13"]
[EventType "team-tourn"]
[EventRounds "11"]
[EventCountry "HUN"]
[SourceTitle "CBM 170 Extra"]
[Source "ChessBase"]
[SourceDate "2016.02.25"]
[SourceVersion "1"]
[SourceVersionDate "2016.02.25"]
[SourceQuality "1"]
[WhiteTeam "Nyergesujfalu"]
[BlackTeam "Turul"]
[WhiteTeamCountry "HUN"]
[BlackTeamCountry "HUN"]

1. e4 c5 2. Nc3 Nc6 3. f4 e6 4. Nf3 d5 5. d3 dxe4 6. dxe4 Qxd1+ 7. Nxd1 Nf6 8. e5 Nd5 9. c3 a6 10. g3 b5 11. Ne3 Bb7 12. Bg2 Na5 13. 0-0 Nxe3 14. Bxe3 Nc4 15. Bc1 Be7 16. b3 Nb6 17. Rd1 0-0 18. Be3 Rfd8 19. Kf2 Nd5 20. c4 Nxe3 21. Kxe3 Rxd1 22. Rxd1 Rd8 23. Rxd8+ Bxd8 24. cxb5 axb5 25. Ne1 1/2-1/2

[Event "HUN-chT2 Breyer 1314"]
[Site "Hungary"]
[Date "2014.04.13"]
[Round "8"]
[White "Ikanov, Imre"]
[Black "Rosta, Sandor"]
[Result "1-0"]
[WhiteElo "2001"]
[BlackElo "2072"]
[PlyCount "111"]
[EventDate "2013.09.08"]
[EventType "team-tourn"]
[EventRounds "9"]
[EventCountry "HUN"]
[SourceTitle "EXT 2016"]
[Source "ChessBase"]
[SourceDate "2015.10.08"]
[SourceVersion "1"]
[SourceVersionDate "2015.10.08"]
[SourceQuality "1"]
[WhiteTeam "Zoltek"]
[BlackTeam "Szazhalombatta"]
[WhiteTeamCountry "HUN"]
[BlackTeamCountry "HUN"]

1. e4 c5 2. Nc3 Nc6 3. f4 g6 4. Nf3 Bg7 5. Bc4 d6 6. d3 Nf6 7. 0-0 0-0 8. a3 a6 9. Ba2 b5 10. Ne2 Qb6 11. h3 e6 12. Be3 Qc7 13. c3 c4 14. Ng3 Na5 15. d4 Bb7 16. Qc2 Qc6 17. Nd2 Rac8 18. Rae1 h5 19. Bb1 Nb3 20. Nh1 a5 21. Re2 a4 22. Qd1 Rfe8 23. Qe1 Kf8 24. Qh4 Ng8 25. Qg3 Bh6 26. Nf2 Nxd2 27. Bxd2 e5 28. fxe5 dxe5 29. d5 Qd6 30. Nd1 Rc7 31. Bxh6+ Nxh6 32. Ref2 Ng8 33. Ne3 Bc8 34. Qg5 Rce7 35. Bc2 Bd7 36. g4 hxg4 37. Nxg4 Bxg4 38. hxg4 Kg7 39. Qh4 f6 40. g5 fxg5 41. Qxg5 Rf7 42. Bd1 Rxf2 43. Rxf2 Rf8 44. Rxf8 Kxf8 45. Bg4 Qf6 46. Be6 Kg7 47. Qe3 Qe7 48. Qg3 Qd6 49. Bxg8 Kxg8 50. Kg2 Qf6 51. Qg4 Qf4 52. Qxg6+ Kh8 53. Qh5+ Kg7 54. Qf5 Qd2+ 55. Qf2 Qd3 56. Qg3+ 1-0

[Event "HUN-chT2 Breyer 0203"]
[Site "Hungary"]
[Date "2003.01.19"]
[Round "5"]
[White "Szecsi, Pal"]
[Black "Ikanov, Imre"]
[Result "1/2-1/2"]
[WhiteElo "2113"]
[BlackElo "2119"]
[PlyCount "48"]
[EventDate "2002.09.22"]
[EventType "team"]
[EventRounds "11"]
[EventCountry "HUN"]
[SourceTitle "EXT 2009"]
[Source "ChessBase"]
[SourceDate "2008.11.26"]
[SourceVersion "1"]
[SourceVersionDate "2008.11.26"]
[SourceQuality "1"]

1. e4 c5 2. Nf3 Nf6 3. e5 Nd5 4. c4 Nc7 5. d4 d6 6. dxc5 dxc5 7. Qxd8+ Kxd8 8. Nc3 Nc6 9. Be3 b6 10. Rd1+ Bd7 11. Bd3 Ke8 12. Be4 Rd8 13. 0-0 f5 14. exf6 gxf6 15. Rd2 e5 16. Rfd1 Nd4 17. Nd5 Nxd5 18. Bxd5 Bg4 19. h3 Bh5 20. g4 Bf7 21. Bxd4 exd4 22. Bc6+ Ke7 23. b3 Rd6 24. Be4 Bg6 1/2-1/2

[Event "HUN-chT2 Breyer 0203"]
[Site "Hungary"]
[Date "2002.12.08"]
[Round "4"]
[White "Szabo, Balazs"]
[Black "Ikanov, Imre"]
[Result "1-0"]
[WhiteElo "1976"]
[BlackElo "2119"]
[PlyCount "111"]
[EventDate "2002.09.22"]
[EventType "team"]
[EventRounds "11"]
[EventCountry "HUN"]
[SourceTitle "EXT 2009"]
[Source "ChessBase"]
[SourceDate "2008.11.26"]
[SourceVersion "1"]
[SourceVersionDate "2008.11.26"]
[SourceQuality "1"]

1. c4 e6 2. Nc3 f5 3. d4 Nf6 4. Bg5 Be7 5. Nf3 0-0 6. e3 d5 7. c5 c6 8. Bd3 Nbd7 9. 0-0 Ne4 10. Bxe7 Qxe7 11. Qc2 g5 12. b4 g4 13. Nd2 Qh4 14. f4 Rf6 15. Bxe4 fxe4 16. g3 Qh3 17. Nb3 Nf8 18. a4 a6 19. b5 axb5 20. axb5 Rxa1 21. Rxa1 Ng6 22. Qg2 Qh5 23. Ra8 Rf8 24. bxc6 bxc6 25. Na5 Ne7 26. Na4 Bd7 27. Ra7 Qe8 28. Nb6 Nc8 29. Ra8 Qe7 30. Qb2 Kg7 31. Nxc8 Rxc8 32. Ra7 Kf8 33. Qb7 Ke8 34. Qxc8+ Bxc8 35. Rxe7+ Kxe7 36. Nxc6+ Ke8 37. Ne5 h5 38. h3 gxh3 39. Kh2 Ba6 40. Kxh3 Be2 41. Kh4 Ke7 42. Kg5 Bd1 43. c6 Kd6 44. Kf6 Be2 45. c7 Ba6 46. Kg5 Kxc7 47. Kxh5 Kd6 48. Kg6 Bb5 49. g4 Ke7 50. g5 Be8+ 51. Kg7 Bh5 52. g6 Bf3 53. Kh7 Bh5 54. g7 Bf7 55. Nxf7 Kxf7 56. g8Q+ 1-0